00544nam a2200193Ia 4500001001000000003000500010008004100015010001100056040000900067082001600076100002200092245009400114260003800208300001100246503002000257650003000277650003200307650001100339Para_9337CHAP220125s1998 xx 000 0 und d a207942 cCHAP a635.9642 P6 aPotter, Daniel A. aDestructive turfgrass insects :b biology, diagnosis and control /c by Daniel A. Potter aNew York :b John Wiley and Sons. a344 p. aI.234801 (ej.1) aCésped x enfermedades  0aCésped x PlagasxControl aPlagas